Samobójstwa - 1/2 - Statystyki

Ogólne statystyki
  • Ten quiz został rozwiązany 167 razy
  • Średni wynik to 10 z 25
Statystyki odpowiedzi
x /100 000 osób Kraj % Poprawnych
22,3 Polska
96%
20,1 Rosja
94%
19,6 Japonia
75%
20,1 Ukraina
74%
22,8 Białoruś
71%
32,7 Litwa
61%
21,7 Łotwa
60%
18,9 Estonia
56%
32,0 Korea Południowa
54%
17,5 Chorwacja
42%
21,6 Węgry
42%
20,5 Belgia
39%
17,0 Serbia
39%
21,4 Słowenia
39%
27,5 Kazachstan
32%
28,3 Mongolia
25%
17,0 Urugwaj
18%
29,0 Gujana
12%
20,5 Angola
10%
18,7 Boliwia
10%
35,3 Sri Lanka
10%
26,6 Surinam
10%
18,1 Wybrzeże Kości Słoniowej
4%
17,4 Republika Środkowoafrykańska
3%
22,6 Gwinea Równikowa
1%
Nie znaleziono quizów pasujących do podanych kryteriów
Rozkład punktacji
Procent ludzi z każdym wynikiem
Percentyl według liczby udzielonych odpowiedzi
Twoja historia wyników
Nie rozwiązałeś tego quizu